| 000 | 00555nam a22002177a 4500 | ||
|---|---|---|---|
| 003 | LK-CoMWRAF | ||
| 005 | 20231020120338.0 | ||
| 008 | 230928b1976 |||||||| |||| 00| 0 eng d | ||
| 020 | _a0690008511 | ||
| 040 |
_aLK-CoMWRAF _dLK-CoMWRAF _eLK-CoMWRAF |
||
| 041 | _aeng | ||
| 082 |
_a823 _bHAR |
||
| 100 | _aHarris, Mark | ||
| 110 | _aHarris, Josephine | ||
| 111 | _aHarris, Hester | ||
| 245 | _aThe Design of fiction | ||
| 260 |
_aNew York : _bCrowell, _c1976 |
||
| 300 | _axvi, 518 p. ; 24 cm. | ||
| 650 | _aEnglish-- Short stories. | ||
| 942 | _cBK | ||
| 999 |
_c3728 _d3728 |
||